000 02802nam a2200469 a 4500
003 CHAP
005 20250819101531.0
007 cr ||||||a|c|a
008 101119s2010 mx r 00010 spa d
035 _a111538
040 _cCHAP
090 _aTesis
100 0 0 _aJiménez Rojas, María Concepción.
_961637
245 1 0 _aAsignación de las remesas en el gasto de bienes y servicios en el grupo familiar rural en México
_c/por María Concepción Jiménez Rojas; director de tesis Marcos Portillo Vázquez.
264 1 _aChapingo, Méx. :
_bEl autor,
_c2010.
300 _a1 recurso en línea (159 páginas):
_bcuadros, figuras.
336 _2rdacontent
_atexto
_btxt
337 _2rdamedia
_acomputadora
_bc
338 _2rdacarrier
_arecursos en línea
_bcr
502 _bDCEA
_cDICEA
_d2010.
_gDOC
520 _aEl Estado implementó programas y políticas en las dos últimas décadas que han impactado la economía de amplios sectores de la población, principalmente los más marginados como en las zonas rurales. Esta situación ha llevado a grupos familiares a recurrir a estrategias económicas para su subsistencia y reproducción, entre los que la migración transnacional se ha convertido en una de la más conveniente. Estudios de campo realizados en 2005 se usaron datos levantados de una encuesta por DICONSA (1540 entrevistas respaldadas por cuestionarios). Fueron considerados el ingreso obtenido por los entrevistados de sus diferentes actividades como también sus gastos sobre bienes y servicios. Fueron probados dos procedimientos de regresión (GLM) y (STEPWISE) de los cuales este último se obtuvo los mejores resultados. Se obtuvo que 1.5 por ciento de la variación en el gasto en alimentos es explicado por la variable ingreso en remesas, mientras el impacto económico indicó que por cada peso que cambia el ingreso remesas, el gasto en alimento cambia en 5 centavos.
590 _aALEPH
_b10
_c20130110
590 _aBATCH-UPD
_b10
_c20130110
590 _aBATCH-UPD
_b10
_c20130410
590 _aBATCH-UPD
_b10
_c20130914
590 _aBATCH-UPD
_b10
_c20140324
590 _aBATCH-UPD
_b10
_c20141002
590 _aCONVERSION
_b10
_c20130109
650 1 4 _aComunidades rurales.
_926254
650 1 4 _aDesarrollo económico.
650 1 4 _aGasto público.
_947252
650 1 4 _aIngresos.
_958362
650 1 4 _aMigración rural.
_975609
700 1 _aPortillo Vázquez, Marcos
_eDirector de tesis.
_991007
856 _uhttp://10.13.5.2/tesis/111538.pdf
_zDESCARGAR PDF
901 _aBK
942 _cTD
_2Clasificación Universidad Autónoma Chapingo
949 _aTesis
_bBC
_cTES
_d33724002222769
_eTS2
_fc.2
_gDonaciØn
_h51482
_i111538
_sb
949 _aTesis
_bBC
_cTES
_d33724002222801
_eTS1
_gDonaciØn
_h51481
_i111538
_sb
999 _c99880
_d99880